000 00169nam a2200073Ia 4500
008 170620s9999 xx 000 0 und d
100 _aDASH AJAY
245 0 _aNEWS REPORTING
260 _bNEW DELHI SONALI
999 _c30213
_d30213